00570nam a2200169Ia 450000500170000001000170001702000260003403500170006003700290007708200130010624500810011926000290020027000550022930000720028470000230035670000210037920140515101836.0 aB-521070-081 a9788131912423c125.00 aB-521070-081 adplbBlueberry Books/Ven a535bPHY aPhysics: light and colour/cedited by Anil Kumar ,Tomar and Pallabi, B.Tomar aNew DelhibPegasusc2012 a1921/10, Chuna Mandi, PaharganjbNew Delhie110055 a31p.bcol.illc23cm(Hb)apegasus is an imprint of B.Jain Publishers aTomar, Anil Kumar  aTomar, Pallabi.B